000 00518nam a2200181Ia 4500
003 GCL
008 140319s9999 xx 000 0 ara d
040 _aGCL /
_cGCL
082 0 4 _aق
_b301.0962
_bع ن
100 1 _aعاصم الدسوقى
245 1 0 _aنحو فهم تاريخ مصر الاقتصادى الاجتماعى /
_cعاصم الدسوقى
300 _a200
490 _a100 قصة
_v0
650 0 4 _aمصر
650 0 4 _aتاريخ
650 0 4 _aالاحوال الاجتماعية
942 _2ddc
_cBK
999 _c43413
_d43413